01295 a2200241 45000010006000000050017000060080041000230030015000640400040000790800066001192450101001850200022002862500011003082640034003193000019003535050468003720410008008401000029008487000028008777000029009057000024009348560095009584045020260407155658.0260407a2016 arg spa dAR-UNSa-BCEJYS aAR-UNSa-BCEJYSbspacAR-UNSa-BCEJYS a336.226xTipos de impuestos. Impuestos directos e indirectos 10aImpuestos sobre los bienes personales y a la ganancia mínima presuntapexplicados y comentados a978-987-01-1920-3 a4a. ed 1aBuenos Aires :bErreparc2016 a141 p.c27 cm. aImpuesto sobre los bienes personales: 1. Imposición sobre el patrimonio - 2. Hecho imponible - 3. Exenciones - 4. Valuación de bienes - 5. Régimen de responsabilidad sustituta - 6. Liquidación y pago del impuesto -- Impuesto a la ganancia mínima presunta: 1. Impuesto a la ganancia mínima presunta - 2. Hecho imponible - 3. Bienes exentos, no computables y no considerados como activos - 4. Valuación de bienes - 5. Liquidación y pago del impuesto aspa1 aCeldeiro, Ernesto Carlos1 aImirizaldu, Juan José1 aGómez, María Celeste1 aRofrano, Guido Omar41uhttps://biblioeco.unsa.edu.ar/pmb/images/libros/L125932.jpgyImagen de portadaqimage/jpeg